LOWER EOCENE TUFFITES IN THE ŽEGOCINA ZONE (POLISH FLYSCH CARPATHIANS)

Bibliographic Details
Main Authors: Waśkowska, A.-OLIWA (Author), Leśniak, T. (Author)
Format: Article
Language:English

MARC

LEADER 00000nab a2200000ua 4500
001 vtls010847800
003 SK-MaSNL
005 20260303135926.0
008 230218s2002 xo |||||||||||||||||eng|
035 |a (urnnbn)urn:nbn:sk:snk:ar-a077nf 
035 |a urn:nbn:sk:snk-ab68vn 
035 |a (uuid)bd835bf8-9582-4acf-8e55-f84e8c1eba4b 
040 |a SNKBUCL  |b slo  |c SNKBUCL  |e AACR2 
041 0 |a eng 
044 |a xo  |c SK 
100 1 |a Waśkowska, A.-OLIWA  |4 aut  |9 1157702 
245 1 0 |a LOWER EOCENE TUFFITES IN THE ŽEGOCINA ZONE (POLISH FLYSCH CARPATHIANS)  |c A. Waśkowska-Oliwa, T. Leśniak 
700 1 |a Leśniak, T.  |4 aut  |9 1157703 
773 0 |t Geologica Carpathica : international geological journal  |g Roč. 53, č. special issue (2002), s. 45-47 
958 |a OND 
958 |a EUIPO 
958 |a article5 
999 |c 1968883  |d 1970813